|
|
|
|
| LEADER |
00000nam0a2200000 4500 |
| 001 |
160040 |
| 005 |
20231101222145.0 |
| 029 |
1 |
0 |
|a RU
|b 72-2007
|c РМГ
|
| 035 |
|
|
|a (RuTPU)RU\TPU\book\173560
|
| 090 |
|
|
|a 160040
|
| 100 |
|
|
|a 20090518d2009 k a0rusy50 ca
|
| 101 |
0 |
|
|a rus
|
| 102 |
|
|
|a RU
|
| 105 |
|
|
|a y l 001zy
|
| 122 |
2 |
|
|a d2007121020
|a d2007121020
|
| 200 |
1 |
|
|a Оценка измерительных возможностей национальных органов по метрологии на основе метрологических характеристик стандартных образцов состава и свойств веществ и материалов. РМГ 72-2007
|f Межгосударственный совет по стандартизации, метрологии и сертификации
|
| 205 |
|
|
|a официальное изд.
|
| 210 |
|
|
|a Москва
|c Стандартинформ
|d 2009
|
| 215 |
|
|
|a 14 с.
|
| 225 |
1 |
|
|a Государственная система обеспечения единства измерений
|
| 300 |
|
|
|a Введены в действие с 1 марта 2009 г.
|
| 606 |
1 |
|
|a Метрология
|2 stltpush
|3 (RuTPU)RU\TPU\subj\43497
|9 62988
|
| 610 |
1 |
|
|a вещества
|
| 610 |
1 |
|
|a материалы
|
| 610 |
1 |
|
|a состав
|
| 610 |
1 |
|
|a свойства
|
| 610 |
1 |
|
|a стандартные образцы
|
| 610 |
1 |
|
|a метрологические характеристики
|
| 610 |
1 |
|
|a метрологические организации
|
| 610 |
1 |
|
|a национальные органы
|
| 610 |
1 |
|
|a калибровочные возможности
|
| 610 |
1 |
|
|a измерительные возможности
|
| 610 |
1 |
|
|a декларирование
|
| 610 |
1 |
|
|a оценка
|
| 610 |
1 |
|
|a подтверждение
|
| 610 |
1 |
|
|a рекомендации по стандартизации
|
| 610 |
1 |
|
|a РМГ 72-2007
|
| 675 |
|
|
|a 621:53.08
|v 3
|
| 712 |
0 |
2 |
|a Межгосударственный совет по стандартизации, метрологии и сертификации
|2 stltpush
|3 (RuTPU)RU\TPU\col\9665
|9 24738
|
| 801 |
|
1 |
|a RU
|b 63413507
|c 20090518
|g PSBO
|
| 801 |
|
2 |
|a RU
|b 63413507
|c 20221208
|g PSBO
|
| 942 |
|
|
|c BK
|